| 000 | 01443cam a2200277 i 4500 | ||
|---|---|---|---|
| 999 |
_c5161 _d5161 |
||
| 001 | 19342549 | ||
| 003 | OSt | ||
| 005 | 20250806132105.0 | ||
| 008 | 161020s2015 nyu 000 0 eng | ||
| 010 | _a 2016478048 | ||
| 020 | _a9780099470434 | ||
| 035 | _a19342549 | ||
| 040 |
_aDLC _beng _erda _cDLC _dDLC _dKH8 |
||
| 082 | _aFIC HAD | ||
| 100 | 1 |
_aHaddon, Mark, _eauthor. |
|
| 245 | 1 | 4 |
_aThe curious incident of the dog in the night-time / _cMark Haddon. |
| 264 | 1 |
_aLondon ; _bRandom House, _c2003. |
|
| 300 |
_a271 pages ; _billustrations ; _c18 cm. |
||
| 336 |
_atext _btxt _2rdacontent |
||
| 337 |
_aunmediated _bn _2rdamedia |
||
| 338 |
_avolume _bnc _2rdacarrier |
||
| 520 | _aFifteen-year-old Christopher Boone has Asperger's Syndrome, a condition similar to autism. He doesn't like to be touched or meet new people, he cannot make small talk, and he hates the colors brown and yellow. He is a math whiz with a very logical brain who loves solving puzzles that have definite answers. One night, he observes that the neighbor's dog has been killed, since it is not moving and has a large garden fork stuck in its body. Christopher knows this is wrong. He has never left his street on his own before, but now he'll have to in order to find out who killed the dog. What he discovers will shake the very foundation of his perfectly ordered lif | ||
| 650 |
_aLiterature _vEnglish |
||
| 650 |
_aReading book _vEnglish |
||
| 942 |
_2ddc _cCSN |
||